000 00541nam a2200217Ia 4500
003 OSt
005 20221007063109.0
006 a|||||r|||| 00| 0
007 ta
008 221006b |||||||| |||| 00| 0 eng d
024 _a21,412
037 _cTextual
040 _aFLL
_cFLL
_beng
041 _2eng
_aeng
082 _aZ2;111, L9
245 0 _aChild and the law
260 _aBombay
_bN.M. Tripathi Pvt. Ltd. India
_c1979
300 _axx,218p
_ccm.
942 _hZ2;111, L9
_cTEXL
_2CC
999 _c1130364
_d1130364